MARC details
| 000 -LEADER |
| fixed length control field |
04131cam a2200625 a 4500 |
| 005 - DATE AND TIME OF LATEST TRANSACTION |
| control field |
20241220120859.0 |
| 008 - FIXED-LENGTH DATA ELEMENTS--GENERAL INFORMATION |
| fixed length control field |
210904b |||||||| |||| 00| 0 eng d |
| 020 ## - INTERNATIONAL STANDARD BOOK NUMBER |
| International Standard Book Number |
9781416914280 : HRD |
| 020 ## - INTERNATIONAL STANDARD BOOK NUMBER |
| International Standard Book Number |
1416914285 : HRD |
| 040 ## - CATALOGING SOURCE |
| Description conventions |
rda |
| 092 ## - LOCALLY ASSIGNED DEWEY CALL NUMBER (OCLC) |
| Classification number |
F |
| 100 1# - MAIN ENTRY--PERSONAL NAME |
| Personal name |
Clare, Cassandra. |
| Relator term |
author |
| 9 (RLIN) |
55380 |
| 245 10 - TITLE STATEMENT |
| Title |
City of bones / |
| Statement of responsibility, etc |
Cassandra Clare. |
| 250 ## - EDITION STATEMENT |
| Edition statement |
1st ed. |
| 260 ## - PUBLICATION, DISTRIBUTION, ETC. (IMPRINT) |
| Place of publication, distribution, etc |
New York : |
| Name of publisher, distributor, etc |
M.K. McElderry Books, |
| Date of publication, distribution, etc |
2007. |
| 264 #1 - Production, Publication, Distribution, Manufacture, and Copyright Notice. |
| Place of production, publication, distribution, manufacture |
New York : |
| Name of producer, publisher, distributor, manufacturer |
M.K. McElderry Books, |
| Date of production, publication, distribution, manufacture, or copyr |
2007. |
| 300 ## - PHYSICAL DESCRIPTION |
| Extent |
485 pages ; |
| Dimensions |
24 cm. |
| 336 ## - Content Type |
| Content type term |
text |
| 337 ## - Media type |
| Media type term |
unmediated |
| 338 ## - Carrier type |
| Carrier type term |
volume |
| 490 1# - SERIES STATEMENT |
| Series statement |
The mortal instruments ; |
| Volume number/sequential designation |
bk. 1 |
| 500 ## - GENERAL NOTE |
| General note |
"Margaret K. McElderry Books, an imprint of Simon & Schuster Children's Publishing Division ; Manufactured in the United States of America ; Book design by Mike Rosamilia"--Title page verso. |
| 505 0# - FORMATTED CONTENTS NOTE |
| Formatted contents note |
Pt. 1. Dark descent. -- Pandemonium -- Secrets and lies -- Shadowhunter -- Ravener -- Clave and covenant -- Forsaken -- The five-dimensional door -- Weapon of choice -- The circle and the brotherhood -- pt. 2. Easy is the descent. -- City of bones -- Magnus Bane -- Dead man's party -- The memory of whiteness -- The Hotel Dumort -- High and dry -- Falling angels -- The midnight flower -- The mortal cup -- Abbadon -- In rats' alley -- pt. 3. The descent beckons. -- The werewolf's tale -- Renwick's ruin -- Valentine -- Epilogue: The ascent beckons. |
| 520 ## - SUMMARY, ETC. |
| Summary, etc |
When 15-year-old Clary Fray heads out to the Pandemonium Club in New York City, she hardly expects to witness a murder -- much less a murder committed by three teenagers covered with strange tattoos and brandishing bizarre weapons. Then the body disappears into thin air. It's hard to call the police when the murderers are invisible to everyone else and when there is nothing -- not even a smear of blood -- to show that a boy has died. Or was he a boy? This is Clary's first meeting with the Shadowhunters, warriors dedicated to ridding the earth of demons. It's also her first encounter with Jace, a Shadowhunter who looks a little like an angel and acts a lot like a jerk. Within twenty-four hours Clary is pulled into Jace's world with a vengeance, when her mother disappears and Clary herself is attacked by a demon. But why would demons be interested in ordinary mundanes like Clary and her mother? And how did Clary suddenly get the Sight? The Shadowhunters would like to know ... |
| 521 1# - TARGET AUDIENCE NOTE |
| Target audience note |
Ages 14 up. |
| 586 ## - AWARDS NOTE |
| Awards note |
2009 Tayshas List |
| 650 #0 - SUBJECT ADDED ENTRY--TOPICAL TERM |
| Topical term or geographic name as entry element |
Demonology |
| Form subdivision |
Juvenile fiction. |
| 9 (RLIN) |
5683767 |
| 650 #0 - SUBJECT ADDED ENTRY--TOPICAL TERM |
| Topical term or geographic name as entry element |
Paranormal fiction. |
| 650 #0 - SUBJECT ADDED ENTRY--TOPICAL TERM |
| Topical term or geographic name as entry element |
Mothers and daughters |
| Form subdivision |
Juvenile fiction. |
| 9 (RLIN) |
5675897 |
| 650 #0 - SUBJECT ADDED ENTRY--TOPICAL TERM |
| Topical term or geographic name as entry element |
Hunters |
| Form subdivision |
Juvenile fiction. |
| 9 (RLIN) |
5723526 |
| 650 #0 - SUBJECT ADDED ENTRY--TOPICAL TERM |
| Topical term or geographic name as entry element |
Teenage girls |
| Form subdivision |
Juvenile fiction. |
| 9 (RLIN) |
5675736 |
| 650 #0 - SUBJECT ADDED ENTRY--TOPICAL TERM |
| Topical term or geographic name as entry element |
Good and evil |
| Form subdivision |
Juvenile fiction. |
| 9 (RLIN) |
5674232 |
| 650 #0 - SUBJECT ADDED ENTRY--TOPICAL TERM |
| Topical term or geographic name as entry element |
Monsters |
| Form subdivision |
Juvenile fiction. |
| 9 (RLIN) |
5674163 |
| 650 #0 - SUBJECT ADDED ENTRY--TOPICAL TERM |
| Topical term or geographic name as entry element |
Adventure and adventurers. |
| 650 #1 - SUBJECT ADDED ENTRY--TOPICAL TERM |
| Topical term or geographic name as entry element |
Demonology |
| Form subdivision |
Fiction. |
| 9 (RLIN) |
5677070 |
| 650 #1 - SUBJECT ADDED ENTRY--TOPICAL TERM |
| Topical term or geographic name as entry element |
Supernatural |
| Form subdivision |
Fiction. |
| 9 (RLIN) |
5674229 |
| 650 #1 - SUBJECT ADDED ENTRY--TOPICAL TERM |
| Topical term or geographic name as entry element |
Horror stories. |
| 650 #7 - SUBJECT ADDED ENTRY--TOPICAL TERM |
| Topical term or geographic name as entry element |
Phantastischer Roman. |
| Source of heading or term |
gnd |
| 9 (RLIN) |
6426217 |
| 650 #7 - SUBJECT ADDED ENTRY--TOPICAL TERM |
| Topical term or geographic name as entry element |
Amerikanisches Englisch. |
| Source of heading or term |
gnd |
| 9 (RLIN) |
5889814 |
| 651 #0 - SUBJECT ADDED ENTRY--GEOGRAPHIC NAME |
| Geographic name |
New York (N.Y.) |
| Form subdivision |
Fiction. |
| 9 (RLIN) |
5673704 |
| 655 #0 - INDEX TERM--GENRE/FORM |
| Genre/form data or focus term |
Young adult fiction. |
| 655 #4 - INDEX TERM--GENRE/FORM |
| Genre/form data or focus term |
Horror fiction. |
| 655 #7 - INDEX TERM--GENRE/FORM |
| Genre/form data or focus term |
Horror fiction. |
| Source of term |
gsafd |
| 9 (RLIN) |
6426222 |
| 655 #7 - INDEX TERM--GENRE/FORM |
| Genre/form data or focus term |
Dust jackets (Bindings) |
| Chronological subdivision |
2007. |
| Source of term |
rbbin |
| 9 (RLIN) |
6426219 |
| 655 #7 - INDEX TERM--GENRE/FORM |
| Genre/form data or focus term |
Paranormal fiction. |
| Source of term |
lcsh |
| 9 (RLIN) |
5674233 |
| 655 #7 - INDEX TERM--GENRE/FORM |
| Genre/form data or focus term |
Young adult fiction. |
| Source of term |
lcsh |
| 9 (RLIN) |
6426223 |
| 700 1# - ADDED ENTRY--PERSONAL NAME |
| Personal name |
Rosamilia, Mike, |
| Relator term |
book designer. |
| 9 (RLIN) |
5901130 |
| 710 2# - ADDED ENTRY--CORPORATE NAME |
| Corporate name or jurisdiction name as entry element |
Margaret K. McElderry Books, |
| Relator term |
publisher. |
| 9 (RLIN) |
6426221 |
| 710 2# - ADDED ENTRY--CORPORATE NAME |
| Corporate name or jurisdiction name as entry element |
Simon and Schuster, inc., |
| Relator term |
publisher. |
| 9 (RLIN) |
4102 |
| 776 08 - ADDITIONAL PHYSICAL FORM ENTRY |
| Display text |
Online version: |
| Main entry heading |
Clare, Cassandra. |
| Title |
City of bones. |
| Edition |
1st ed. |
| Place, publisher, and date of publication |
New York : M.K. McElderry Books, ♭2007 |
| Record control number |
(OCoLC)741495231 |
| 800 1# - SERIES ADDED ENTRY--PERSONAL NAME |
| Personal name |
Clare, Cassandra. |
| Title of a work |
Mortal instruments ; |
| Volume/sequential designation |
bk. 1. |
| 9 (RLIN) |
55381 |
| 856 42 - ELECTRONIC LOCATION AND ACCESS |
| Materials specified |
Publisher description |
| Uniform Resource Identifier |
<a href="http://catdir.loc.gov/catdir/enhancements/fy0708/2006008108-d.html">http://catdir.loc.gov/catdir/enhancements/fy0708/2006008108-d.html</a> |
| 856 42 - ELECTRONIC LOCATION AND ACCESS |
| Materials specified |
Sample text |
| Uniform Resource Identifier |
<a href="http://catdir.loc.gov/catdir/enhancements/fy0729/2006008108-s.html">http://catdir.loc.gov/catdir/enhancements/fy0729/2006008108-s.html</a> |
| 942 ## - ADDED ENTRY ELEMENTS (KOHA) |
| Source of classification or shelving scheme |
Dewey Decimal Classification |
| Koha item type |
BOOK |